[Event "IPCA Wch 17th"]
[Site "Ruzomberok"]
[Date "2017.06.02"]
[Round "6"]
[White "Dornik, Jan"]
[Black "Kuchyna, Stanislav"]
[Result "1-0"]
[WhiteElo "1743"]
[BlackElo "1871"]
[PlyCount "59"]
[EventDate "2017.05.28"]
[EventType "swiss"]
[EventRounds "9"]
[EventCountry "SVK"]
[SourceTitle "EXT 2018"]
[Source "ChessBase"]
[SourceDate "2017.10.13"]
[SourceVersion "1"]
[SourceVersionDate "2017.10.13"]
[SourceQuality "1"]

1. e4 e6 2. d4 d5 3. exd5 exd5 4. Nf3 Bd6 5. Bd3 Bg4 6. 0-0 Ne7 7. h3 Bh5 8. Bg5 f6 9. Bh4 0-0 10. Nbd2 Nd7 11. c3 Re8 12. Qc2 Nf8 13. Rae1 Bg6 14. Bg3 Bxg3 15. fxg3 Qd6 16. g4 Bxd3 17. Qxd3 Neg6 18. Qf5 Qg3 19. Qxd5+ Kh8 20. Ne4 Qxg2+ 21. Kxg2 Nf4+ 22. Kg3 Nxd5 23. c4 Nb6 24. b3 Nbd7 25. Nh4 Rad8 26. Nc3 c5 27. d5 Ne5 28. Nf5 Nfg6 29. Nb5 Ne7 30. Nbd6 1-0

[Event "IPCA Wch 17th"]
[Site "Ruzomberok"]
[Date "2017.06.01"]
[Round "5"]
[White "Kuchyna, Stanislav"]
[Black "Samarth, J Rao"]
[Result "0-1"]
[WhiteElo "1871"]
[BlackElo "1392"]
[PlyCount "36"]
[EventDate "2017.05.28"]
[EventType "swiss"]
[EventRounds "9"]
[EventCountry "SVK"]
[SourceTitle "EXT 2018"]
[Source "ChessBase"]
[SourceDate "2017.10.13"]
[SourceVersion "1"]
[SourceVersionDate "2017.10.13"]
[SourceQuality "1"]

1. e4 e5 2. Nf3 Nf6 3. Nxe5 d6 4. Nf3 Nxe4 5. c4 Be7 6. d4 0-0 7. Bd3 Nf6 8. Nc3 d5 9. c5 b6 10. b4 a5 11. Ba3 axb4 12. Bxb4 Nc6 13. a3 Bg4 14. Be2 Ne4 15. Qc1 bxc5 16. dxc5 Bf6 17. Ng1 Nxb4 18. Nxe4 dxe4 0-1

[Event "IPCA Wch 17th"]
[Site "Ruzomberok"]
[Date "2017.05.28"]
[Round "1"]
[White "Kuchyna, Stanislav"]
[Black "Obodchuk, Andrei"]
[Result "0-1"]
[WhiteElo "1871"]
[BlackElo "2374"]
[PlyCount "50"]
[EventDate "2017.05.28"]
[EventType "swiss"]
[EventRounds "9"]
[EventCountry "SVK"]
[SourceTitle "EXT 2018"]
[Source "ChessBase"]
[SourceDate "2017.10.13"]
[SourceVersion "1"]
[SourceVersionDate "2017.10.13"]
[SourceQuality "1"]

1. e4 c5 2. Nc3 Nc6 3. g3 g6 4. Bg2 Bg7 5. d3 d6 6. Be3 Rb8 7. Qd2 b5 8. Nge2 Nd4 9. f4 e6 10. 0-0 Ne7 11. g4 b4 12. Nd1 0-0 13. Ng3 f5 14. g5 e5 15. h4 exf4 16. Bxf4 Ne6 17. Be3 Be5 18. Ne2 Bb7 19. d4 cxd4 20. Nxd4 Nxd4 21. Bxd4 fxe4 22. Bxe5 dxe5 23. Rxf8+ Qxf8 24. Ne3 Nf5 25. Rf1 Qc5 0-1

[Event "IPCA Wch 15th"]
[Site "Bratislava"]
[Date "2015.06.23"]
[Round "6"]
[White "Kuchyna, Stanislav"]
[Black "Pilimon, Zbigniew"]
[Result "1/2-1/2"]
[WhiteElo "1928"]
[BlackElo "1653"]
[PlyCount "57"]
[EventDate "2015.06.19"]
[EventType "swiss"]
[EventRounds "9"]
[EventCountry "SVK"]
[SourceTitle "CBM 167 Extra"]
[Source "ChessBase"]
[SourceDate "2015.09.14"]
[SourceVersion "1"]
[SourceVersionDate "2015.09.14"]
[SourceQuality "1"]

1. e4 c5 2. Nc3 d6 3. g3 Nf6 4. Bg2 e6 5. d3 Be7 6. f4 Nc6 7. Be3 a6 8. h3 Qc7 9. Nge2 Rb8 10. 0-0 b5 11. Qd2 Bb7 12. g4 h6 13. Ng3 Rc8 14. Nce2 Nd7 15. f5 e5 16. Nh5 Bf6 17. Neg3 Qd8 18. Nxf6+ Nxf6 19. g5 hxg5 20. Bxg5 Kd7 21. c3 Rh7 22. Kf2 Qe7 23. Rh1 Rch8 24. Qe2 Kc7 25. Raf1 Kb8 26. Ke1 Qc7 27. Qd2 Qa5 28. b3 b4 29. c4 1/2-1/2